Provinces des Pays-Bas avec une carte - Statistiques

Statistiques générales
  • Ce quiz a été pris 7 766 fois
  • Le résultat moyen est 6 sur 12
Réponses sur la Carte
Les réponses sont colorées sur une échelle allant du rouge au vert en fonction du pourcentage des utilisateurs qui les ont devinées à leur premier essai. Vous pouvez retrouver ces pourcentages ci-dessous.
 
Statistiques - réponses
Province % Correct
Zélande
77%
Frise
61%
Hollande-Septentrionale
59%
Hollande-Méridionale
58%
Utrecht
52%
Brabant-Septentrional
47%
Limbourg
46%
Groningue
41%
Gueldre
31%
Flevoland
30%
Drenthe
26%
Overijssel
25%
Aucun quiz correspondant
Distribution des résultats
% des personnes avec chaque résultat
Percentile par nombre de réponses
Votre historique - résultats
Vous n’avez pas pris ce quiz